Estatísticas para Países mais próximos de Luxemburgo - Corrida de um minuto

Clique aqui para jogar o quiz

Estatísticas Gerais

  • Esse quiz foi jogado 29 vezes
  • A pontuação média é 15 de 20

Estatísticas das Respostas

kmpaís% Correto
0Alemanha
100%
0Bélgica
96%
0França
96%
227Suíça
92%
321Áustria
88%
366Itália
88%
811Espanha
84%
555Dinamarca
80%
64Países Baixos
80%
602Polônia
76%
338Liechtenstein
68%
641Mônaco
68%
337Reino Unido
68%
766San Marino
68%
767Hungria
60%
732Suécia
60%
401Chéquia
56%
630Eslovénia
48%
694Croácia
44%
768Eslováquia
40%

Distribuição das Pontuações

Percentil de Números Respondidos

Porcentagem de Pessoas com Cada Pontuação

Sua Pontuação Histórica

Você não jogou esse quiz